00761nam a22002057a 450000500170000001000150001702000260003203500130005803700130007108200100008410000240009424500840011826000420020227000720024430000210031650000400033794200240037799900170040195201370041820140908104808.0 aENG-110764 a9788183875288c695.00 aEN-94296 bDBAD/PUB a362.2 aSunakall, Roopa S.  aSelf evaluation and autonomy measures of mental health /c by Roopa S. Sunakall aNew DelhibSerials Publicationsc2012 a4830/24, Prahlad Street, Ansari Road, Darya GanjbNew Delhie110002 a169p. c22cm(Hb) aIncludes bibliographical references 2ddccENh362.2mSUN c88359d88359 001040718NFICaDBADbDBADd2014-09-05eDBAD / PUBg695.00l0o362.2 SUNpEN-94296r2014-09-05 00:00:00t1v695.00w2014-09-05yEN